埼玉県にある漢字4文字の駅 - Statistics

General Stats
  • This quiz has been taken 38 times
  • The average score is 17 of 25
Answer Stats
Hint Answer % Correct
戸田市 戸田公園
94%
春日部市 北春日部
91%
さいたま市 武蔵浦和
91%
さいたま市 浦和美園
86%
秩父市 西武秩父
86%
嵐山町 武蔵嵐山
86%
三郷市 三郷中央
83%
滑川町 森林公園
80%
吉川市 吉川美南
80%
さいたま市 与野本町
80%
川口市 川口元郷
77%
所沢市 航空公園
77%
さいたま市 大宮公園
74%
伊奈町 伊奈中央
71%
川口市 戸塚安行
60%
日高市 武蔵高萩
57%
小川町 東武竹沢
54%
入間市 武蔵藤沢
51%
日高市 武蔵横手
51%
越生町 武州唐沢
49%
毛呂山町 武州長瀬
49%
秩父市 和銅黒谷
49%
行田市 武州荒木
40%
秩父市 武州日野
34%
秩父市 武州中川
29%
No matching quizzes found
Score Distribution
Percent of People with Each Score
Percentile by Number Answered
Your Score History
You have not taken this quiz